Statistics for Morse Code Alphabet

Click here to take the quiz!

General Stats

  • This quiz has been taken 50 times
  • The average score is 18 of 26

Answer Stats

HintAnswer% Correct
.E
89%
-T
83%
-.N
78%
---O
78%
.-A
72%
-.-.C
72%
-..D
72%
....H
72%
..I
72%
--M
72%
.-.R
72%
...S
72%
..-U
72%
...-V
72%
-...B
67%
--.G
67%
-.-K
67%
.--W
67%
..-.F
61%
.---J
61%
.-..L
61%
.--.P
61%
--.-Q
61%
-..-X
61%
-.--Y
61%
--..Z
61%

Score Distribution

Percentile by Number Answered

Percent of People with Each Score

Your Score History

You have not taken this quiz